| 000 | 00477nam a2200181Ia 4500 | ||
|---|---|---|---|
| 001 | 8309 | ||
| 005 | 20260306160559.0 | ||
| 008 | 260306t2017||||xx |||||||||||||| ||spa|| | ||
| 041 | _aESP | ||
| 082 |
_a370.153 _bG49 |
||
| 100 |
_aGiráldez Hayes, Andrea _eAUT |
||
| 245 | 0 |
_aHabilidades para la vida: _baprender a ser y aprender a convivir en la escuela |
|
| 260 | _c2017 | ||
| 300 |
_a157 páginas : _c24 cm. |
||
| 650 | _aGEN | ||
| 654 | _aCED | ||
| 942 |
_cLIB _dJUS _fJUS _2ddc _n |
||
| 999 |
_c8309 _d8309 |
||